Zapojenie R filtra typu pásmová zábrana 3.rádu vysokou hodnotou vstupnej impedancie. H 03H 11/00.

Bibliographic Details
Main Author: Štulrajter, Jozef (Author)
Format: Book
Language:Undetermined
PhysicalDescription:4 s.
Published: Banská Bystrica Úrad priemyselného vlastníctva SR 1997

MARC

LEADER 00000nam a2200000 a 4500
001 vtls001318804
003 SK-MaSNL
005 20260301005341.0
008 240316sm y0 xo r 0 und
035 |a SNK000271368 
040 |a SNK  |b slo  |c SNK  |e AACR2 
044 |a xo  |c SK 
100 1 |a Štulrajter, Jozef  |4 aut  |9 12238 
245 1 |a Zapojenie R filtra typu pásmová zábrana 3.rádu vysokou hodnotou vstupnej impedancie. H 03H 11/00. 
260 |a Banská Bystrica  |b Úrad priemyselného vlastníctva SR  |c 1997 
300 |a 4 s. 
999 |c 544939  |d 546869 
952 |t P60, <04>, [BOOK], {604}  |a SNK  |b SNK  |y VYP  |7 0  |p 17A0118672  |o snkSK 278661  |i snkPS 20/98  |0 0  |1 0  |4 0  |d 1998-01-30  |l 0  |r 2005-01-02 00:00:00  |w 2026-02-23